Igneous Rocks - Statistics

General Stats
  • This quiz has been taken 232 times
  • The average score is 5 of 12
Answer Stats
Answer % Correct
Granite
89%
Basalt
82%
Andesite
53%
Gabbro
52%
Diorite
50%
Obsidian
50%
Rhyolite
49%
Pumice
44%
Peridotite
28%
Dolerite
20%
Microgranite
11%
Microdiorite
7%
No matching quizzes found
Score Distribution
Percent of People with Each Score
Percentile by Number Answered
Your Score History
You have not taken this quiz